000 00209nam a22000857a 4500
008 161028b xxu||||| |||| 00| 0 eng d
100 _9985
_aNadhan
245 _aHindi Story
260 _aDelhi
_bM.N. Publications
_c2011
999 _c3643
_d3643